000 01711nam0a2200325 4500
001 RU\NLR\bibl\68022
005 20260406003838.0
010 _a5-89448-069-8
_9100
021 _aRU
_b1999-40028
_91978
035 _a(NLR Aleph) 000066359
090 _a363917
_c363917
100 _a20000201d1999 |||y0rusy50 ca
101 0 _arus
102 _aRU
105 _aa |||||||||
200 1 _aРасчет выходов готовой продукции при помолах пшеницы и ржи с применением ПЭВМ
_eУчеб. пособие
_e[Для студентов спец. 270100 - "Технология хранения и перераб. зерна"]
_fЛ.И.Лыткина, В.Ф.Барабанов
_gМ-во общ. и проф. образования Рос. Федерации, Воронеж. гос. технол. акад.
210 _aВоронеж
_cВГТА
_d1999
215 _a64 с.
_cил.
_d20
320 _aБиблиогр.: с.56 (7 назв.)
606 0 _aПшеница
_jРуководства, пособия и т.п. для высшей школы
_xПомол
_xНормы выхода
_91678012
_3RU\NLR\auth\66744752
606 0 _aПшеница
_jУчебные издания для высшей школы
_xПомол
_xНормы выхода
_91678012
_3RU\NLR\auth\66744752
686 _aУ30(2)675.15я73
700 1 _aЛыткина
_bЛ. И.
_4070
701 1 _4070
_7ca
_8rus
_aБарабанов
_bВ. Ф.
_cд-р техн. наук
_gВладимир Федорович
_996292
_3RU\NLR\auth\77113367
801 0 _aRU
_bNLR
_c20000201
_gPSBO
801 1 _aRU
_bNLR
_c20000201
852 _aNLR
_j99-4/9071
942 _cBOOK
980 _aNB